مكتبة جامعة عجلون الوطنية

فهرس بحث المكتبة

فتاوي ودقائق لغوية / (Record no. 34158)

MARC details
000 -LEADER
fixed length control field 00809nam a22002057a 4500
003 - CONTROL NUMBER IDENTIFIER
control field JO-AjAnu
005 - DATE AND TIME OF LATEST TRANSACTION
control field 20260105110313.0
008 - FIXED-LENGTH DATA ELEMENTS--GENERAL INFORMATION
fixed length control field 260105b jo ||||| |||| 00| 0 ara d
020 ## - INTERNATIONAL STANDARD BOOK NUMBER
International Standard Book Number 978-9923-852-03-0
040 ## - CATALOGING SOURCE
Original cataloging agency JO-AjAnu
Language of cataloging ara
Transcribing agency JO-AjAnu
Modifying agency JO-AjAnu
Description conventions rda
041 ## - LANGUAGE CODE
Language code of text/sound track or separate title ara
Language code of original ara
050 ## - LIBRARY OF CONGRESS CALL NUMBER
Classification number PJ6696
Item number 2025
100 ## - MAIN ENTRY--PERSONAL NAME
Personal name عبابنة، جعفر نايف
9 (RLIN) 41983
Relator term معد
245 00 - TITLE STATEMENT
Title فتاوي ودقائق لغوية /
Statement of responsibility, etc. إعداد جعفر نايف عبابنة
250 ## - EDITION STATEMENT
Edition statement الطبعة الأولى
260 ## - PUBLICATION, DISTRIBUTION, ETC.
Place of publication, distribution, etc. عمان :
Name of publisher, distributor, etc. مجمع اللغة العربية الأردني
Date of publication, distribution, etc. 2025
300 ## - PHYSICAL DESCRIPTION
Extent 92 صفحة
650 00 - SUBJECT ADDED ENTRY--TOPICAL TERM
Topical term or geographic name entry element النحو - علم الصرف - الألفاظ الدخيلة - الإملاء - قواعد اللغة - مجامع اللغة العربية
9 (RLIN) 66927
942 ## - ADDED ENTRY ELEMENTS (KOHA)
Source of classification or shelving scheme Library of Congress Classification
Koha item type Books
Suppress in OPAC No
Holdings
Withdrawn status Lost status Source of classification or shelving scheme Damaged status Not for loan Home library Current library Date acquired Total Checkouts Full call number Barcode Date last seen Price effective from Koha item type
    Library of Congress Classification     مكتبة جامعة عجلون الوطنية مكتبة جامعة عجلون الوطنية 05/01/2026   PJ6696 2025 a30601 05/01/2026 05/01/2026 Books